Rural development through people's participation (Record no. 3769)

000 -LEADER
fixed length control field 00729nam a22001937a 4500
003 - CONTROL NUMBER IDENTIFIER
control field Nust
005 - DATE AND TIME OF LATEST TRANSACTION
control field 20180117090013.0
008 - FIXED-LENGTH DATA ELEMENTS--GENERAL INFORMATION
fixed length control field 161206b xxu||||| |||| 00| 0 eng d
020 ## - INTERNATIONAL STANDARD BOOK NUMBER
International Standard Book Number 9789351114833
040 ## - CATALOGING SOURCE
Original cataloging agency 0
Transcribing agency 0
082 ## - DEWEY DECIMAL CLASSIFICATION NUMBER
Edition number 333.7
100 ## - MAIN ENTRY--PERSONAL NAME
Relator code Dr. Neha Arora
245 ## - TITLE STATEMENT
Title Rural development through people's participation
260 ## - PUBLICATION, DISTRIBUTION, ETC.
Place of publication, distribution, etc. New Delhi
Name of publisher, distributor, etc. Random publications
Date of publication, distribution, etc. 2015
300 ## - PHYSICAL DESCRIPTION
Extent 283p
942 ## - ADDED ENTRY ELEMENTS (KOHA)
Source of classification or shelving scheme
Koha item type Book
Holdings
Withdrawn status Lost status Source of classification or shelving scheme Damaged status Not for loan Collection code Permanent Location Current Location Shelving location Date acquired Total Checkouts Full call number Barcode Date last seen Price effective from Koha item type Date last checked out
            Central Library (CL) Central Library (CL) General Stacks 12/06/2016   333.7 ARO S3H-S-547 12/06/2016 12/06/2016 Book  
            Central Library (CL) Central Library (CL) General Stacks 10/19/2017 3 333.7 ARO S3H-S-546 10/03/2024 10/19/2017 Book 01/22/2020
© 2023 Central Library, National University of Sciences and Technology. All Rights Reserved.